Pinocchio - Characters by Picture - Statistics

General Stats
  • This quiz has been taken 82 times
  • The average score is 8 of 12
Answer Stats
Picture Answer % Correct
Pinocchio
100%
Geppetto
92%
Jiminy Cricket
90%
Figaro
78%
Stromboli
71%
The Blue Fairy
67%
'Honest' John Worthington Foulfellow
65%
Monstro
59%
The Coachman
57%
Gideon the Cat
55%
Lampwick
55%
Fabiana
10%
No matching quizzes found
Score Distribution
Percent of People with Each Score
Percentile by Number Answered
Your Score History
You have not taken this quiz